000 00354 a2200145 4500
001 152778
040 _cEscola São Tomás de Aquino
100 _aCUNHA, Leo
240 1 0 _aManual de desculpas esfarrapadas
_lpor
245 1 0 _aManual de desculpas esfarrapadas
300 _a95
362 0 _a2014
697 _a*LITERATURA INFANTO JUVENIL
942 _cBK
999 _c152778
_d152778